000 01584nam a22003737a 4500
001 888
005 20230713140500.0
008 230713b cb ||||| |||| 00| 0 eng d
020 _a9780545800716 (hbk.)
040 _aNJQ/DLC
_beng
_cNJQ
_erda
_dDLC
050 0 0 _aPZ7.W86047
_bCl 2015
082 0 4 _a813.6
_223
100 1 _aWoodrow, Allan,
_eauthor.
245 1 0 _aClass dismissed /
_cAuthor : Woodrow, Allan ; Marlin, Lissy.
250 _aFirst printing 2015.
260 _aNew York :
_bScholastic,
_c2015.
300 _a263 pages ;
_c20 cm.
_billustrations,
505 _aP
520 _aClass 507 is terrible, and one day, after a particularly disastrous science experiment, Ms. Bryce quits and walks out in the middle of class, and the school office never finds out--at first all the fifth graders enjoy goofing off, but after a few days that starts getting boring, and the students begin to realize that school without a teacher is not easy, cooperating is difficult, and keeping a secret is harder than they thought.
521 _a640
_bLexile
521 _aP
_bRaz-Plus
650 0 _aElementary schools
_vJuvenile fiction.
650 0 _aTeachers
_vJuvenile fiction.
650 0 _aSecrecy
_vJuvenile fiction.
650 0 _aCooperativeness
_vJuvenile fiction.
650 1 _aSchools
_vFiction.
650 1 _aTeachers
_vFiction.
650 1 _aSecrets
_vFiction.
650 1 _aCooperativeness
_vFiction.
650 1 _aHumorous stories.
655 7 _aHumorous fiction.
_2gsafd
906 _a7
_bcbc
_corignew
_d1
_eecip
_f20
_gy-gencatlg
942 _2ddc
_cBK
_n0
999 _c888
_d888